000
00192 a2200097 4500
020
_a
078073003990
041
_a
spa
100
_a
Grace Maccarone
245
_a
Pica, pica, varicela
942
_c
BK
999
_c
29161
_d
29159